| 000 | 00384nam a2200145Ia 4500 | ||
|---|---|---|---|
| 008 | 230917s9999||||xx |||||||||||||| ||und|| | ||
| 040 |
_e73484 _aMAIN |
||
| 041 | _aEnglish | ||
| 082 | _a005.1 L522M | ||
| 100 | _aLeffingwell, Dean | ||
| 245 | 0 | _aManaging software requirements: A unified approach | |
| 260 |
_aBoston _bAddison-Wesley _c2001 |
||
| 300 | _axxix, 491 p. | ||
| 942 | _cBK | ||
| 999 |
_c112534 _d112534 |
||